[Event "NRW Verbandsliga Group1 1314"]
[Site "Nordrheinwestfalen"]
[Date "2014.03.09"]
[Round "8"]
[White "Aranovsky, Mikhail"]
[Black "Koth, Stefan"]
[Result "1/2-1/2"]
[WhiteElo "1850"]
[BlackElo "2010"]
[PlyCount "83"]
[EventDate "2013.09.08"]
[EventType "team-tourn"]
[EventRounds "9"]
[EventCountry "GER"]
[SourceTitle "EXT 2020"]
[Source "ChessBase"]
[SourceDate "2019.10.17"]
[SourceVersion "1"]
[SourceVersionDate "2019.10.17"]
[SourceQuality "1"]
[WhiteTeam "Bochum SC an der Uni"]
[BlackTeam "Doppelbauer Brambauer"]
[WhiteTeamCountry "GER"]
[BlackTeamCountry "GER"]

1. Nf3 Nf6 2. g3 d5 3. Bg2 g6 4. c4 e6 5. 0-0 Bg7 6. d4 0-0 7. Qc2 dxc4 8. Qxc4 Nbd7 9. Rd1 c6 10. Nc3 Nb6 11. Qd3 Qe7 12. e4 Nfd7 13. Be3 e5 14. Nxe5 Nxe5 15. dxe5 Bxe5 16. Bh6 Re8 17. Qe2 Qf6 18. Be3 h5 19. h3 Qe7 20. f4 Bg7 21. Qf2 Nc4 22. Bd4 Nb6 23. Bxg7 Kxg7 24. e5 Bf5 25. Be4 Bxh3 26. Rd6 Bg4 27. Qd4 Kg8 28. Bxg6 Rf8 29. Bc2 Kg7 30. Ne4 Rad8 31. Bb3 Nc8 32. Re1 Bf5 33. Rxd8 Rxd8 34. Qe3 Qb4 35. Ng5 Rd3 36. Qf2 Rd2 37. Re2 Rxe2 38. Qxe2 Qd4+ 39. Qf2 Qxf2+ 40. Kxf2 Bg6 41. Kf3 Ne7 42. Bd1 1/2-1/2

[Event "Ruhrgebiet VK2 1213"]
[Site "Nordrheinwestfalen"]
[Date "2012.12.02"]
[Round "4"]
[White "Aranovsky, Mikhail"]
[Black "Gajda, Peter"]
[Result "1/2-1/2"]
[WhiteElo "1803"]
[BlackElo "1820"]
[PlyCount "44"]
[EventDate "2012.09.02"]
[EventType "team-tourn"]
[EventRounds "9"]
[EventCountry "GER"]
[SourceTitle "EXT 2020"]
[Source "ChessBase"]
[SourceDate "2019.10.17"]
[SourceVersion "1"]
[SourceVersionDate "2019.10.17"]
[SourceQuality "1"]
[WhiteTeam "Bochum Uni"]
[BlackTeam "Kirchhellen SF"]
[WhiteTeamCountry "GER"]
[BlackTeamCountry "GER"]

1. c4 e5 2. Nc3 Nf6 3. g3 d5 4. cxd5 Nxd5 5. Bg2 Nxc3 6. bxc3 Bc5 7. Qa4+ c6 8. Nf3 Nd7 9. 0-0 0-0 10. Rd1 Re8 11. e4 Bb6 12. d3 h6 13. Qc2 Qf6 14. Bb2 Nc5 15. Rd2 Bg4 16. Ne1 Qe6 17. Ba3 Rad8 18. Rb1 Rd7 19. Bxc5 Bxc5 20. Qb3 Qxb3 21. axb3 Red8 22. b4 Bb6 1/2-1/2

[Event "Bochum-ch"]
[Site "Bochum"]
[Date "2005.06.07"]
[Round "7"]
[White "Richter, Bernd"]
[Black "Aranovsky, Mikhail"]
[Result "0-1"]
[WhiteElo "1695"]
[BlackElo "1825"]
[PlyCount "108"]
[EventDate "2005.04.26"]
[EventType "swiss"]
[EventRounds "7"]
[EventCountry "GER"]
[SourceTitle "EXT 2007"]
[Source "ChessBase"]
[SourceDate "2006.11.23"]
[SourceVersion "1"]
[SourceVersionDate "2006.11.23"]
[SourceQuality "1"]

1. e4 g6 2. d4 Bg7 3. Nc3 d6 4. f4 Nf6 5. Nf3 0-0 6. Be2 c5 7. e5 Nfd7 8. exd6 exd6 9. Be3 Nc6 10. 0-0 a6 11. Rb1 b5 12. Bf2 c4 13. Ne4 d5 14. Nd6 Qc7 15. Nxc8 Raxc8 16. g3 f6 17. c3 Ne7 18. Re1 Rfe8 19. Bf1 Nf5 20. Bg2 Nb6 21. Qc2 Nd6 22. Re3 Rxe3 23. Bxe3 Re8 24. Bf2 Re6 25. Re1 Qe7 26. Qc1 Rxe1+ 27. Nxe1 Nf5 28. Nc2 a5 29. Ne3 Nxe3 30. Qxe3 Qxe3 31. Bxe3 Kf7 32. Kf2 Ke6 33. g4 Bf8 34. Ke2 b4 35. Kd2 bxc3+ 36. bxc3 Bd6 37. h3 Bc7 38. Bf1 Nc8 39. Bg2 Nb6 40. Bf1 a4 41. Kc2 h5 42. Be2 hxg4 43. hxg4 f5 44. g5 Kd6 45. a3 Kc6 46. Bd1 Bd6 47. Bc1 Kb5 48. Bf3 Kc6 49. Bg2 Na8 50. Kd1 Nc7 51. Ke2 Nb5 52. Bh3 Nxc3+ 53. Kf3 Nb5 54. Bxf5 Nxd4+ 0-1

[Event "Bochum-ch"]
[Site "Bochum"]
[Date "2005.05.31"]
[Round "6"]
[White "Aranovsky, Mikhail"]
[Black "Radi, Guenter"]
[Result "0-1"]
[WhiteElo "1825"]
[BlackElo "1851"]
[PlyCount "130"]
[EventDate "2005.04.26"]
[EventType "swiss"]
[EventRounds "7"]
[EventCountry "GER"]
[SourceTitle "EXT 2007"]
[Source "ChessBase"]
[SourceDate "2006.11.23"]
[SourceVersion "1"]
[SourceVersionDate "2006.11.23"]
[SourceQuality "1"]

1. d4 d5 2. c4 Nf6 3. Nf3 c5 4. Nc3 cxd4 5. Nxd4 e5 6. Nf3 d4 7. Nb1 Nc6 8. a3 a5 9. e3 Bg4 10. Qb3 Bxf3 11. gxf3 Qc7 12. Bd3 g6 13. Nd2 Bg7 14. Ne4 Nd7 15. c5 0-0 16. Bd2 a4 17. Qc2 Na5 18. Qxa4 Nxc5 19. Nxc5 Qxc5 20. Bb4 Qb6 21. Bxf8 Rxf8 22. Qb5 Qxb5 23. Bxb5 Rc8 24. Bd3 Nb3 25. Rb1 Bh6 26. Ke2 Kf8 27. h4 Ke7 28. h5 Bg5 29. hxg6 hxg6 30. Rhg1 Bf6 31. Rg4 Kd6 32. f4 dxe3 33. fxe3 Rh8 34. fxe5+ Bxe5 35. Rg2 f6 36. Bxg6 Rc8 37. Bd3 b6 38. Rg7 Nc5 39. Rgg1 Rh8 40. Rg2 Na4 41. Kf1 Rh3 42. Rd1 Rh1+ 43. Rg1 Rxg1+ 44. Kxg1 Nxb2 45. Rd2 Kc5 46. Rc2+ Kd5 47. Bb5 Ke4 48. Rc6 Kxe3 49. Rxb6 Nd1 50. a4 Kd4 51. Rc6 Nc3 52. Rc4+ Kd5 53. Rc8 Kd6 54. Kf1 Nd5 55. a5 Nc7 56. Bd3 Kc6 57. Rb8 Nd5 58. Be4 Bxb8 59. Ke2 Kc5 60. Bxd5 Kxd5 61. Kf3 Be5 62. Kg4 Kc6 63. Kf5 Kb5 64. Ke4 Kxa5 65. Kf3 Kb5 0-1